Encyclopedia of social science in 21st century : (Record no. 10616)

MARC details
000 -LEADER
fixed length control field 00512cam a2200181ua 4500
008 - FIXED-LENGTH DATA ELEMENTS--GENERAL INFORMATION
fixed length control field 191111n ii |||gr||||Z||||||eng
020 ## - INTERNATIONAL STANDARD BOOK NUMBER
International Standard Book Number 9789350320075
040 ## - CATALOGING SOURCE
Transcribing agency MAIN
082 ## - DEWEY DECIMAL CLASSIFICATION NUMBER
Classification number 300.03
100 ## - MAIN ENTRY--PERSONAL NAME
Personal name R.C. Saxena .,
Relator term
245 ## - TITLE STATEMENT
Title Encyclopedia of social science in 21st century :
Remainder of title volume 1 (A to D) /
Statement of responsibility, etc. By R.C. Saxena .
250 ## - EDITION STATEMENT
Edition statement 1st ed. /
Remainder of edition statement vol 1.
260 ## - PUBLICATION, DISTRIBUTION, ETC.
Place of publication, distribution, etc. Jaipur:
Name of publisher, distributor, etc. Shree Niwas Publications,
Date of publication, distribution, etc. 2012.
300 ## - PHYSICAL DESCRIPTION
Extent 290p.
942 ## - ADDED ENTRY ELEMENTS (KOHA)
Koha item type Books
653 ## - INDEX TERM--UNCONTROLLED
Uncontrolled term Social sciences
Holdings
Withdrawn status Lost status Damaged status Not for loan Home library Current library Shelving location Date acquired Total Checkouts Full call number Barcode Date last seen Copy number Price effective from Koha item type
        Central Library, Naharkatiya College Central Library, Naharkatiya College General Stacks 19/09/2020   300.03 | SAX 24842 19/09/2020 1 19/09/2020 Books

Naharkatiya College © 2020. All rights reserved.

Powered By